000 00650nam a2200193Ii 4500
003 JO-AjNU
008 230605s9999||||xx |||||||||||||| ||und||
040 _aJO-AjNU
_bara
_erda
_cJO-AjNU
041 _aara
050 1 4 _aPJ6106.A3 1900
100 3 _aتاليف الأفعاني، سعيد ,
_eauthor
_917045
245 0 0 _aتعاليق على شواهد الموجز
264 3 1 _aعمان:دار الفكر،1900
300 _a86ص
336 _atext
_btxt
_2rdacontent
337 _aunmediated
_bn
_2rdamedia
338 _avolume
_bnc
_2rdacarrier
650 4 _aقواعد اللغة العربية-تعاليق على شواهد الموجز
_917046
999 _aA5183
_c8751
_d8751